Responses for Show #2372 - Tuesday, December 20, 1994

Contestants

[<< previous game]

Georgia Popplewell, a television producer originally from Trinidad and Tobago

Richard Rasmussen, a probation officer from Walnut Creek, California

Lena Nowak, a proofreader from Chicago, Illinois (whose 1-day cash winnings total $9,001)

[next game >>]

Jeopardy! Round responses

PRESIDENTIAL TRIVIA
SINGERS
DESIGN
AROUND THE WORLD
ANGELS
FILE UNDER "N"
    $100 6
Ireland

Richard
    $100 1
Neil Diamond

Lena
    $100 10
Kodak

Lena
    $100 15
(Lena: What is Iceland?)

Japan

LenaGeorgia
    $100 26
Paul

Richard
    $100 21
the NiƱa

Georgia
    $200 7
Ronald Reagan

Richard
    $200 2
Bruce Springsteen

Georgia
    $200 11
(John) Mason

Georgia
    $200 16
Scotland

Lena
    $200 27
a guardian angel

Georgia
    $200 22
Nipper

Lena
    $300 8
Andrew Johnson

Lena
    $300 3
Chuck Berry

Lena
    $300 12
the Rabbit

Georgia
    $300 18
Tasmania

Richard
    $300 28
their good and bad deeds

Georgia
    $300 23
(Alex: You'd remember it if you had had Lobster [*].)

Newberg

Triple Stumper
    $400 9
Martin Van Buren

Georgia
    $400 4
Diana Ross

Lena
    $400 13
a log cabin

Richard
    $400 19
Santiago

Lena
    $400 29
Angels in America

Lena
    $400 24
the Navajo

Lena
    $500 17
(Lena: Who is...Coolidge?)
(Alex: Wrong one. Engineering should make you think of [*], Herbert [*].)

Hoover

Lena
    $500 5
Frank Zappa

Lena
    $500 14
a chair

Georgia
    $500 20
the Sudan

Lena
    $500 30
messenger

Triple Stumper
    $500 25
the narcissus

Georgia

Scores at the first commercial break (after clue 15):

Lena Richard Georgia
$1,600 $700 $1,700

Scores at the end of the Jeopardy! Round:

Lena Richard Georgia
$3,200 $1,100 $2,800

Double Jeopardy! Round responses

EUROPEAN RULERS
SEWING
GEOLOGY
NICKNAMES
U.S. GEOGRAPHY
BOOKS & AUTHORS
    $200 1
(Georgia: Who is Mary Tudor?)

Elizabeth (I)

RichardGeorgia
    $200 12
the hem

Richard
    $200 24
sedimentary

Georgia
    $200 6
Babe Ruth

Richard
    $200 11
New Mexico

Lena
    $200 16
the Civil War

Richard
    $400 2
(Georgia: Who is St. Ivan?)

St. Stephen

RichardGeorgia
    $400 14
(Georgia: What is a seam?)

buttons

LenaGeorgia
    $400 25
(Georgia: What is a millennium?)
(Richard: What's a light year?)

a million years

RichardGeorgia
Triple Stumper
    $400 7
Arthur Fiedler

Richard
    $400 13
(Richard: What's Orlando?)

Tampa

LenaRichard
    $400 17
(Richard: Who is Tolstoy?

Dostoyevsky

LenaRichard
    $600 3
(Richard: What's Spain?)

Portugal

RichardGeorgia
    $600 15
pins

Georgia
    $600 26
(Georgia: What is coal?)

a diamond

RichardGeorgia
    $600 8
Minnesota Fats

Lena
    $600 22
Georgia

Georgia
    $600 19
(Richard: Who is H.G. Wells?)

(George) Orwell

LenaRichard
    $800 4
Sweden

Richard
    $800 18
a pocket

Richard
    $800 27
tsunamis

Richard
    $800 9
Walt Whitman

Richard
    $800 30
(Lena: What are the Catskills?)

the Adirondacks

LenaGeorgia
    $800 21
(Ira) Levin

Lena
    $1000 5
Denmark

Richard
    $1000 20
box pleats

Lena
    $1000 28
the Cambrian Period

Triple Stumper
    $2,000 10
(Henry) Moore

Richard
    $1,000 29
(Richard: What's Colorado?)

Montana

Richard
    $1000 23
John Galsworthy

Georgia

Scores at the end of the Double Jeopardy! Round:

Lena Richard Georgia
$6,800 $6,100 $4,600

[wagering suggestions for these scores]

Final Jeopardy! Round responses

HISTORY
GeorgiaWhat is Algeria?
$4,580
RichardWhat is Algeria?
$6,100
LenaWhat is Morocco?
$6,101
Algeria

Final scores:

Lena Richard Georgia
$699 $12,200 $9,180
3rd place: JVC VCR New champion: $12,200 2nd place: Wallace Silversmiths tea service + candelabra

Game dynamics:

Coryat scores:

Lena Richard Georgia
$7,300 $6,100 $4,600
20 R,
3 W
(including 1 DD)
18 R
(including 1 DD),
6 W
(including 1 DD)
16 R,
5 W

Combined Coryat: $18,000

[game clues] [game scores] [suggest correction]

Game tape date: 1994-09-21
The J! Archive is created by fans, for fans. Scraping, republication, monetization, and malicious use prohibited; this site may use cookies and collect identifying information. See terms. The Jeopardy! game show and all elements thereof, including but not limited to copyright and trademark thereto, are the property of Jeopardy Productions, Inc. and are protected under law. This website is not affiliated with, sponsored by, or operated by Jeopardy Productions, Inc. Join the discussion at JBoard.tv.